000 00344 a2200169 4500
001 184276
020 _a85-322-2139-4
040 _cMagnum
100 _aPorto, Cristina
240 1 0 _aLeo marinho
_lpor
245 1 0 _aLeo marinho
300 _a24
362 0 _a1996
440 1 _aFTD
697 _aLITERATURA INFANTO-JUVENIL
942 _cBK
999 _c184276
_d184276